Propuesta de Manual Organizacional y de Funciones para la empresa Electromecánica Especializada
El estudio es una Propuesta de Manual Organizacional y de Funciones el cual contiene las fichas de cada puesto de trabajo describiendo sus tareas, funciones y responsabilidades además de proponer un organigrama en el que se pueda conocer las áreas existentes y comprender las relaciones de dependen...
| Main Authors: | , , |
|---|---|
| Other Authors: | |
| Format: | Tesis Section = Libro |
| Language: | Undetermined Spanish |
| Published: |
Managua
UNI
2022
|
| Subjects: |
| LEADER | 01490nam a2200277Ia 4500 | ||
|---|---|---|---|
| 008 | 240830s9999 xx 000 0 und d | ||
| 040 | |a BIBLIOTECA-RUPAP/ Mon 658.306 G748 | ||
| 041 | |a spa | ||
| 082 | |a Mon 658.306 G748 | ||
| 100 | 1 | |a Granado Hernández, José Luis | |
| 100 | 1 | |b Córdoba Martínez, Katherine Massiel | |
| 100 | 1 | |c Martínez Morales, Kevin Josué | |
| 245 | 1 | 0 | |a Propuesta de Manual Organizacional y de Funciones para la empresa Electromecánica Especializada |
| 260 | |a Managua |b UNI |c 2022 | ||
| 300 | |a 70 P. :IL. | ||
| 500 | |a Contiene: anexos y CD. | ||
| 502 | |a Tesis (Ingeniero Industrial) - UNI, 2022. | ||
| 520 | 3 | |a El estudio es una Propuesta de Manual Organizacional y de Funciones el cual contiene las fichas de cada puesto de trabajo describiendo sus tareas, funciones y responsabilidades además de proponer un organigrama en el que se pueda conocer las áreas existentes y comprender las relaciones de dependencia y jerarquía por la empresa para que sea vista y conocida por todos. Indicara las actividades a ser cumplidas por los 31 miembros de la empresa y la forma en cómo deben ser realizadas, ya sea en conjunto o separadamente, por ello se hace la propuesta de un organigrama. | |
| 650 | 7 | |a ANALISIS OCUPACIONAL | |
| 650 | 7 | |b DESCRIPCION DE PUESTO DE TRABAJO | |
| 650 | 7 | |c ORGANIZACIÓN | |
| 650 | 7 | |d ADMINISTRACION DE EMPRESAS | |
| 700 | 1 | |a Tutor: |b Loaisiga Vanegas, Oscar Lenin | |
| 942 | |c BK |2 ddc | ||
| 991 | |a Tesis | ||
| 999 | |c 27658 | ||